Visualizzazione normale
Vista MARC
- Santana Carlos
di Personal Name
Records bibliografici associati: 1
001 - CONTROL NUMBER
- control field: 15710
003 - CONTROL NUMBER IDENTIFIER
- control field: IT-RoPau
005 - DATE AND TIME OF LATEST TRANSACTION
- control field: 20140311172606.0
008 - FIXED-LENGTH DATA ELEMENTS
- fixed length control field: 140311|| aca||aabn | a|a d
040 ## - CATALOGING SOURCE
- Original cataloging agency: IT-RoPau
- Transcribing agency: IT-RoPau
100 ## - HEADING--PERSONAL NAME
- Personal name: Santana Carlos
- Miscellaneous information: Codice autore musica SPICS: 11139
- Relator term: Autore musica
- Name of part/section of a work: Brotherhood - Spirit - Who Loves You - Touchdown Raiders - Right Now
670 ## - SOURCE DATA FOUND
- Source citation: Work cat.: (IT-RoPau)98892: Santana Carlos 5239, Beyond Appearances